| 000 | 00480 a2200181 4500 | ||
|---|---|---|---|
| 005 | 20260318090411.0 | ||
| 008 | 260317b |||||||| |||| 00| 0 eng d | ||
| 020 |
_a9781108454490 _cRs. 625.00 |
||
| 040 | _aMAIN | ||
| 082 |
_a320.6 _bN164P |
||
| 100 | _aNarain, Vishal | ||
| 245 | _aPublic policy: A view from the South | ||
| 260 |
_bCambridge University Press _c2024 _aNew York |
||
| 300 | _ax, 213 | ||
| 650 | _aPublic Policy | ||
| 650 | _aPolitical Science | ||
| 942 | _cBK | ||
| 999 |
_c395939 _d395939 |
||